BSOP header

The church and theological education {ch} : (Record no. 26806)

MARC details
000 -LEADER
fixed length control field 00828nam a2200217 4500
008 - FIXED-LENGTH DATA ELEMENTS--GENERAL INFORMATION
fixed length control field 060608s2005 -hk 000 0 chi d
020 ## - INTERNATIONAL STANDARD BOOK NUMBER
International Standard Book Number 9627997714 :HK70/52.50/Php348.40
090 ## - LOCALLY ASSIGNED LC-TYPE CALL NUMBER (OCLC); LOCAL CALL NUMBER (OCLC)
Classification number (OCLC) (R) ; Classification number, CALL (RLIN) (NR) BV4020
Local cutter number (OCLC) ; Book number/undivided call number, CALL (RLIN) C42c
100 1# - MAIN ENTRY--PERSONAL NAME
Personal name Cheung, James M.
245 10 - TITLE STATEMENT
Title The church and theological education {ch} :
Remainder of title kingdom partnership in action /
Statement of responsibility, etc James M. Cheung.
260 ## - PUBLICATION, DISTRIBUTION, ETC. (IMPRINT)
Place of publication, distribution, etc Hong Kong :
Name of publisher, distributor, etc Alliance Biblical Seminary,
Date of publication, distribution, etc 2005.
300 ## - PHYSICAL DESCRIPTION
Extent xxiii, 167 p. ;
Dimensions 21 cm.
490 1# - SERIES STATEMENT
Series statement Pu ji shen xue cong shu.
650 #4 - SUBJECT ADDED ENTRY--TOPICAL TERM
Topical term or geographic name as entry element Church.
650 #4 - SUBJECT ADDED ENTRY--TOPICAL TERM
Topical term or geographic name as entry element Theology
General subdivision Study and teaching.
951 ## - EQUIVALENCE OR CROSS-REFERENCE-GEOGRAPHIC NAME/AREA NAME [OBSOLETE] [CAN/MARC only]
General subdivision 00033295
700 1# - ADDED ENTRY--PERSONAL NAME
Personal name Zhang, Mu'ai.
740 02 - ADDED ENTRY--UNCONTROLLED RELATED/ANALYTICAL TITLE
Uncontrolled related/analytical title Chun chi xiang yi de shen guo huo ban :jiao hui yu shen xue jiao yu.
830 #0 - SERIES ADDED ENTRY--UNIFORM TITLE
Uniform title Pu ji shen xue cong shu (Alliance Bible Seminary)
951 ## - EQUIVALENCE OR CROSS-REFERENCE-GEOGRAPHIC NAME/AREA NAME [OBSOLETE] [CAN/MARC only]
-- C-7612
-- BV4020/C42c
-- 070613111556656
-- 2000-12-21
-- CH
Holdings
Withdrawn status Lost status Damaged status Not for loan Home library Current library Shelving location Date acquired Accession number Shelving control number Total Checkouts Full call number Barcode Date last seen Price effective from Koha item type
        BSOP Library BSOP Library Chinese Books (General Circulation) 12/21/2000 C-7612 127   BV4020/C42c 00033295 02/23/2013 02/23/2013 Books
BSOP

Biblical Seminary of the Philippines
  All rights Reserved
  © 2024

CONTACT INFORMATION

Biblical Seminary of the Philippines,
  77-B Karuhatan Road, Valenzuela City,
  PHILIPPINES 1441
  Phone: +632 8292-6795 / 8292-6798
  Fax : +632 8292-6675
  Email: library@bsop.edu.ph